<?xml version="1.0" encoding="UTF-8"?>
<record
    xmlns:xsi="http://www.w3.org/2001/XMLSchema-instance"
    xsi:schemaLocation="http://www.loc.gov/MARC21/slim http://www.loc.gov/standards/marcxml/schema/MARC21slim.xsd"
    xmlns="http://www.loc.gov/MARC21/slim">

  <leader>03583nam a2200577Ia 4500</leader>
  <controlfield tag="001">293</controlfield>
  <controlfield tag="008">241029s9999    xx            000 0 und d</controlfield>
  <datafield tag="010" ind1=" " ind2=" ">
    <subfield code="a">261</subfield>
  </datafield>
  <datafield tag="041" ind1=" " ind2=" ">
    <subfield code="a">Espa&#xF1;ol</subfield>
  </datafield>
  <datafield tag="082" ind1=" " ind2=" ">
    <subfield code="a">TMLA120003BFEM</subfield>
  </datafield>
  <datafield tag="245" ind1=" " ind2="0">
    <subfield code="a">Criterios de evaluaci&#xF3;n de la comprensi&#xF3;n lectora en el 2do. Ciclo Nivel B&#xE1;sico de las escuelas correspondientes al Distrito Escolar 15-05. A&#xF1;o escolar 2011-2012.</subfield>
  </datafield>
  <datafield tag="260" ind1=" " ind2=" ">
    <subfield code="a">Santo Domingo</subfield>
  </datafield>
  <datafield tag="300" ind1=" " ind2=" ">
    <subfield code="a">108</subfield>
  </datafield>
  <datafield tag="520" ind1=" " ind2=" ">
    <subfield code="a">30</subfield>
  </datafield>
  <datafield tag="630" ind1=" " ind2=" ">
    <subfield code="a">Aprendizaje</subfield>
  </datafield>
  <datafield tag="630" ind1=" " ind2=" ">
    <subfield code="a">Docentes</subfield>
  </datafield>
  <datafield tag="630" ind1=" " ind2=" ">
    <subfield code="a">Ense&#xF1;anza</subfield>
  </datafield>
  <datafield tag="630" ind1=" " ind2=" ">
    <subfield code="a">Estrategia</subfield>
  </datafield>
  <datafield tag="630" ind1=" " ind2=" ">
    <subfield code="a">Estudiantes</subfield>
  </datafield>
  <datafield tag="650" ind1=" " ind2=" ">
    <subfield code="a">Lengua Espa&#xF1;ola</subfield>
  </datafield>
  <datafield tag="690" ind1=" " ind2=" ">
    <subfield code="a">Elaborado</subfield>
  </datafield>
  <datafield tag="700" ind1=" " ind2=" ">
    <subfield code="e">asesor</subfield>
    <subfield code="a">Bennavides G., Celso Joaqu&#xED;n</subfield>
  </datafield>
  <datafield tag="700" ind1=" " ind2=" ">
    <subfield code="e">autor</subfield>
    <subfield code="a">Rodr&#xED;guez Blandino, Clara Altagracia</subfield>
  </datafield>
  <datafield tag="700" ind1=" " ind2=" ">
    <subfield code="e">autor</subfield>
    <subfield code="a">Regalado, H&#xE9;ctor Ren&#xE9;</subfield>
  </datafield>
  <datafield tag="901" ind1=" " ind2=" ">
    <subfield code="a">{"1":"Rodr&#xED;guez Blandino","2":"Regalado"}</subfield>
    <subfield code="b">{"1":"Clara Altagracia","2":"H&#xE9;ctor Ren&#xE9;"}</subfield>
  </datafield>
  <datafield tag="902" ind1=" " ind2=" ">
    <subfield code="a">1</subfield>
  </datafield>
  <datafield tag="903" ind1=" " ind2=" ">
    <subfield code="a">{"1":"Bennavides G."}</subfield>
    <subfield code="b">{"1":"Celso Joaqu&#xED;n"}</subfield>
  </datafield>
  <datafield tag="904" ind1=" " ind2=" ">
    <subfield code="a">Mag&#xED;ster en</subfield>
  </datafield>
  <datafield tag="905" ind1=" " ind2=" ">
    <subfield code="a">Ling&#xFC;&#xED;stica Aplicada</subfield>
  </datafield>
  <datafield tag="906" ind1=" " ind2=" ">
    <subfield code="a">1</subfield>
  </datafield>
  <datafield tag="907" ind1=" " ind2=" ">
    <subfield code="a">Orientada en</subfield>
  </datafield>
  <datafield tag="908" ind1=" " ind2=" ">
    <subfield code="a">Ense&#xF1;anza de la Lengua Espa&#xF1;ola</subfield>
  </datafield>
  <datafield tag="909" ind1=" " ind2=" ">
    <subfield code="a">ISFODOSU, Recinto F&#xE9;lix Evaristo Mej&#xED;a</subfield>
  </datafield>
  <datafield tag="910" ind1=" " ind2=" ">
    <subfield code="a">NULL</subfield>
    <subfield code="b">NULL</subfield>
  </datafield>
  <datafield tag="911" ind1=" " ind2=" ">
    <subfield code="a">["1"]</subfield>
  </datafield>
  <datafield tag="912" ind1=" " ind2=" ">
    <subfield code="a">NO APLICA</subfield>
  </datafield>
  <datafield tag="913" ind1=" " ind2=" ">
    <subfield code="a">NULL</subfield>
  </datafield>
  <datafield tag="914" ind1=" " ind2=" ">
    <subfield code="a">02 de Julio de 2012</subfield>
  </datafield>
  <datafield tag="915" ind1=" " ind2=" ">
    <subfield code="a">27/11/19 08:11</subfield>
  </datafield>
  <datafield tag="916" ind1=" " ind2=" ">
    <subfield code="a">NULL</subfield>
  </datafield>
  <datafield tag="917" ind1=" " ind2=" ">
    <subfield code="a">NULL</subfield>
  </datafield>
  <datafield tag="918" ind1=" " ind2=" ">
    <subfield code="a">NO APLICA</subfield>
  </datafield>
  <datafield tag="919" ind1=" " ind2=" ">
    <subfield code="a">["18","70","202","92","96"]</subfield>
  </datafield>
  <datafield tag="520" ind1=" " ind2=" ">
    <subfield code="a">Los principales prop&#xF3;sitos del estudio consistieron en indagar el dominio docente en los enfoques y teor&#xED;as que orientan la ense&#xF1;anza de la Lengua Espa&#xF1;ola para el fomento de la comprensi&#xF3;n lectora; investigar si los docentes establecen criterios para evaluar la comprensi&#xF3;n lectora a partir de la elaboraci&#xF3;n de los objetos y estrategias de la ense&#xF1;anza de la Lengua Espa&#xF1;ola. Como objetivo principal, determinar si los docentes del &#xE1;rea de Lengua Espa&#xF1;ola en el Segundo Ciclo del Nivel B&#xE1;sico de los centros educativos correspondiente al Distrito Escolar 15-05, eval&#xFA;an la Lengua Espa&#xF1;ola a partir de los criterios establecidos para el desarrollo de la comprensi&#xF3;n lectora.Esta investigaci&#xF3;n es de tipo explicativa, las t&#xE9;cnicas fueron an&#xE1;lisis s&#xED;ntesis, observaci&#xF3;n y cuestionario. La poblaci&#xF3;n objeto de estudio est&#xE1; constituida por todos los profesores seiscientos treinta (630) y alumnos veintiocho mil novecientos noventa y cinco (28,995) del Nivel B&#xE1;sico Segundo Ciclo de las Escuelas P&#xFA;blicas del Distrito Escolar 15-05. Para muestra se tom&#xF3; veinticinco (25) estudiantes de cada grado y cincuenta y dos (52) maestros.&#xA0;Los an&#xE1;lisis realizados indicaron la falta de dominio de los docentes en los enfoques y teor&#xED;as que orientan la ense&#xF1;anza de la Lengua Espa&#xF1;ola, no se sistematizan los objetivos, las estrategias y las actividades a emplear de acuerdo con el contenido a desarrollar, total desconocimiento del dise&#xF1;o metodol&#xF3;gico propuesto por el curr&#xED;culum.&#xA0;La investigaci&#xF3;n sugiere, que el Ministerio de Educaci&#xF3;n capacite un personal para que instruya a los maestros de Lengua sobre el manejo de los mismos. Que se realice un real acompa&#xF1;amiento de aula, no de un d&#xED;a ni de una semana, sino hasta que se haya evidenciado, a trav&#xE9;s de las estrategias y las actividades que ejecute el docente en su pr&#xE1;ctica pedag&#xF3;gica y de los resultados, que domina los Criterios de Evaluaci&#xF3;n de la comprensi&#xF3;n lectora.</subfield>
  </datafield>
  <datafield tag="921" ind1=" " ind2=" ">
    <subfield code="a">16</subfield>
  </datafield>
  <datafield tag="922" ind1=" " ind2=" ">
    <subfield code="a">16</subfield>
  </datafield>
  <datafield tag="923" ind1=" " ind2=" ">
    <subfield code="a">0</subfield>
  </datafield>
  <datafield tag="924" ind1=" " ind2=" ">
    <subfield code="a">NO APLICA</subfield>
  </datafield>
  <datafield tag="942" ind1=" " ind2=" ">
    <subfield code="c">Tesis</subfield>
  </datafield>
  <datafield tag="999" ind1=" " ind2=" ">
    <subfield code="c">261</subfield>
    <subfield code="d">261</subfield>
  </datafield>
</record>
